Introduction to AI techniques for renewable energy systems / (Record no. 594810)

000 -LEADER
fixed length control field 01962cam a2200397 i 4500
001 - CONTROL NUMBER
control field 21893233
005 - DATE AND TIME OF LATEST TRANSACTION
control field 20230518115822.0
006 - FIXED-LENGTH DATA ELEMENTS--ADDITIONAL MATERIAL CHARACTERISTICS
fixed length control field m |o d |
007 - PHYSICAL DESCRIPTION FIXED FIELD--GENERAL INFORMATION
fixed length control field cr |||||||||||
008 - FIXED-LENGTH DATA ELEMENTS--GENERAL INFORMATION
fixed length control field 210121t20212021flu ob 001 0 eng
010 ## - LIBRARY OF CONGRESS CONTROL NUMBER
LC control number 2021001774
020 ## - INTERNATIONAL STANDARD BOOK NUMBER
International Standard Book Number 9781003104445
Qualifying information (ebk)
020 ## - INTERNATIONAL STANDARD BOOK NUMBER
Canceled/invalid ISBN 9780367610920
Qualifying information (hbk)
040 ## - CATALOGING SOURCE
Original cataloging agency DLC
Language of cataloging eng
Transcribing agency DLC
Description conventions rda
Modifying agency DLC
042 ## - AUTHENTICATION CODE
Authentication code pcc
050 00 - LIBRARY OF CONGRESS CALL NUMBER
Classification number TJ808
082 00 - DEWEY DECIMAL CLASSIFICATION NUMBER
Classification number 621.0420
Edition number 23
Author Mark TRI
245 00 - TITLE STATEMENT
Title Introduction to AI techniques for renewable energy systems /
Statement of responsibility, etc. edited by Suman Lata Tripathi, Mithilesh Kumar Dubey, Vinay Rishiwal, Sanjeevikumar Padmanaban.
250 ## - EDITION STATEMENT
Edition statement First edition.
264 #1 - PRODUCTION, PUBLICATION, DISTRIBUTION, MANUFACTURE, AND COPYRIGHT NOTICE
Place of production, publication, distribution, manufacture Boca Raton :
Name of producer, publisher, distributor, manufacturer CRC Press, Taylor & Francis Group,
Date of production, publication, distribution, manufacture, or copyright notice 2021.
300 ## - PHYSICAL DESCRIPTION
Extent xii, 410 p :
336 ## - CONTENT TYPE
Content type term text
Content type code txt
Source rdacontent
337 ## - MEDIA TYPE
Media type term computer
Media type code c
Source rdamedia
338 ## - CARRIER TYPE
Carrier type term online resource
Carrier type code cr
Source rdacarrier
504 ## - BIBLIOGRAPHY, ETC. NOTE
Bibliography, etc. note Includes bibliographical references and index.
520 ## - SUMMARY, ETC.
Summary, etc. "The book summarizes commonly used AI methodologies in renewal energy, with a particular emphasis on neural networks, fuzzy logic, and genetic algorithms. Book outlines selected AI applications for renewable energy. In particular, discusses methods using the AI approach for the following applications using suitable examples: prediction and modeling of solar radiation, seizing, performances, and controls of the solar photovoltaic (PV) systems"--
Assigning source Provided by publisher.
588 ## - SOURCE OF DESCRIPTION NOTE
Source of description note Description based on print version record.
650 #0 - SUBJECT ADDED ENTRY--TOPICAL TERM
Topical term or geographic name entry element Renewable energy sources.
650 #0 - SUBJECT ADDED ENTRY--TOPICAL TERM
Topical term or geographic name entry element Power-plants
General subdivision Automatic control.
9 (RLIN) 112445
650 #0 - SUBJECT ADDED ENTRY--TOPICAL TERM
Topical term or geographic name entry element Artificial intelligence.
700 1# - ADDED ENTRY--PERSONAL NAME
Personal name Tripathi, Suman Lata,
Relator term editor.
9 (RLIN) 112446
776 08 - ADDITIONAL PHYSICAL FORM ENTRY
Relationship information Print version:
Title Introduction to AI techniques for renewable energy system
Edition First edition.
Place, publisher, and date of publication Boca Raton : CRC Press, 2021.
International Standard Book Number 9780367610920
Record control number (DLC) 2021001773
906 ## - LOCAL DATA ELEMENT F, LDF (RLIN)
a 7
b cbc
c orignew
d 1
e ecip
f 20
g y-gencatlg
942 ## - ADDED ENTRY ELEMENTS (KOHA)
Source of classification or shelving scheme
Koha item type Book
Holdings
Withdrawn status Lost status Source of classification or shelving scheme Damaged status Not for loan Permanent Location Current Location Shelving location Date acquired Total Checkouts Full call number Barcode Date last seen Price effective from Koha item type
          School of Mechanical & Manufacturing Engineering (SMME) School of Mechanical & Manufacturing Engineering (SMME) General Stacks 05/18/2023   621.0420 TRI SMME-4377 05/18/2023 05/18/2023 Book
© 2023 Central Library, National University of Sciences and Technology. All Rights Reserved.